00829cam a2200313 c 4500001000700000003000900007005001700016007000700033008003900040015000600079017000900085020001800094035000600112040002500118080000600143080000600149082002100155100003500176245005800211246000900269260003500278300002300313490003700336500005600373600000600429650001900435650002300454830003800477a50238DO-SdBNP20171116133150.0a50238110330s2008 mx a | |||| 000 0 spa  a  a b  a9789707702110 a  aBPMSUbspacBPMSUe  a  a  4aPe863.44bV297ci1 aVargas Llosa, Mario,d 1936-. 13aLa ciudad y los perros /h b cMario Vargas Llosa 0 i a  aMéxico :bAlfaguara, c2008 a483 p. :b c24 cm0 aBiblioteca Mario Vargas Llosav  3Incluye datos biográficos del autor en la solapa.172  aNOVELA PERUANA aLITERATURA PERUANA a Biblioteca Mario Vargas Llosav